[Event "West of England op"]
[Site "Exmouth"]
[Date "2003.04.20"]
[Round "6.7"]
[White "Cutmore, Martin J"]
[Black "Sapiecha, Michael W"]
[Result "1-0"]
[WhiteElo "1896"]
[BlackElo "1864"]
[PlyCount "77"]
[EventDate "2003.04.18"]
[EventType "swiss"]
[EventRounds "7"]
[EventCountry "ENG"]
[SourceTitle "EXT 2005"]
[Source "ChessBase"]
[SourceDate "2004.11.15"]
[SourceVersion "1"]
[SourceVersionDate "2004.11.15"]
[SourceQuality "1"]

1. d4 e6 2. c4 d5 3. Nc3 Nf6 4. cxd5 exd5 5. Bg5 Be7 6. Qc2 c6 7. e3 Be6 8. Bd3 Nbd7 9. Nge2 h6 10. Bh4 Nh5 11. Bxe7 Qxe7 12. h3 Nhf6 13. 0-0-0 a6 14. f4 Nb6 15. Rhe1 Nc4 16. Bxc4 dxc4 17. e4 0-0-0 18. f5 Bd7 19. Nf4 Nh5 20. Nxh5 Qg5+ 21. Kb1 Qxh5 22. Na4 Kb8 23. Nc5 Bc8 24. Qxc4 Rhe8 25. Qb3 Ka7 26. g4 Qh4 27. Qxf7 Re7 28. Qb3 Rxd4 29. Qe3 Rxd1+ 30. Rxd1 b6 31. Na4 Rb7 32. Nc3 Qe7 33. e5 Bd7 34. e6 Be8 35. Ne4 g6 36. Nd6 Rc7 37. f6 Qd8 38. Nb5+ axb5 39. Rxd8 1-0

[Event "West of England op"]
[Site "Exmouth"]
[Date "2003.04.19"]
[Round "3"]
[White "Wilkinson, John R"]
[Black "Sapiecha, Michael W"]
[Result "1/2-1/2"]
[WhiteElo "1880"]
[BlackElo "1864"]
[PlyCount "108"]
[EventDate "2003.04.18"]
[EventType "swiss"]
[EventRounds "7"]
[EventCountry "ENG"]
[SourceTitle "EXT 2005"]
[Source "ChessBase"]
[SourceDate "2004.11.15"]
[SourceVersion "1"]
[SourceVersionDate "2004.11.15"]
[SourceQuality "1"]

1. d4 e6 2. c4 c5 3. d5 d6 4. Nc3 Nf6 5. Nf3 exd5 6. cxd5 Bf5 7. Bg5 Be7 8. e3 h6 9. Bh4 Nbd7 10. h3 a6 11. a4 0-0 12. Bd3 Bxd3 13. Qxd3 b5 14. axb5 axb5 15. 0-0 Rxa1 16. Rxa1 b4 17. Na4 Nb6 18. Nxb6 Qxb6 19. Nd2 Qb7 20. e4 Ra8 21. Rxa8+ Qxa8 22. Nc4 Qa6 23. Bg3 Nh5 24. Bh2 g5 25. e5 Qa1+ 26. Qf1 Qxf1+ 27. Kxf1 dxe5 28. Bxe5 Kf8 29. d6 Bd8 30. d7 Ke7 31. Bd6+ Kxd7 32. Bxc5 Be7 33. Ne5+ Ke6 34. Bxe7 Kxe7 35. Nc6+ Kd6 36. Nxb4 Nf4 37. Na2 Kc5 38. Nc1 f5 39. Kg1 h5 40. Kh2 Kc4 41. g3 Ne6 42. Kg2 Nd4 43. f3 Nc2 44. Kf2 Kd4 45. Ke2 Nb4 46. Nb3+ Kc4 47. Nd2+ Kd4 48. g4 Nd5 49. gxh5 Nf4+ 50. Kf2 Nxh5 51. b3 Nf4 52. Kg3 Ne2+ 53. Kf2 Nf4 54. Kg3 Ne2+ 1/2-1/2